000 00609nam a2200241Ia 4500
003 OSt
005 20221007103105.0
006 a|||||r|||| 00| 0
007 ta
008 221006b |||||||| |||| 00| 0 eng d
024 _a12,202
037 _cTextual
040 _aLCO
_cLCO
_beng
041 _2eng
_aeng
082 _aV2:2:(Z), P0
100 _aRai Kailash
245 0 _aConstitutional Law of India
250 _a3rd
260 _aAllahabad
_bCentral Law Publications India
_c2000
300 _a664
942 _hV2:2:(Z), P0
_cTEXL
999 _c1181765
_d1181765